Future Discography - Statistics

General Stats
  • This quiz has been taken 132 times
    120 since last reset
  • The average score is 12 of 31
Answer Stats
Year Name Type % Correct
2015 DS2 Album
84%
2017 Future Album
80%
2014 Monster Mixtape
80%
2017 HNDRXX Album
78%
2015 What a Time to Be Alive Collaborative Mixtape
71%
2012 Pluto Album
67%
2011 Dirty Sprite Mixtape
61%
2015 Beast Mode Mixtape
60%
2019 Future Hndrxx Presents: The Wizrd Album
57%
2018 Wrld on Drugs Collaborative Album
50%
2015 56 Nights Mixtape
49%
2016 Purple Reign Mixtape
49%
2016 EVOL Album
47%
2019 SAVE ME EP
45%
2012 Pluto 3D Reissued Album
40%
2014 Honest Album
39%
2012 Astronaut Status Mixtape
33%
2018 Superfly: Original Motion Picture Soundtrack Soundtrack
23%
2010 1000 Mixtape
17%
2011 Freebricks Collaborative Mixtape
15%
2016 Free Bricks 2: Zone 6 Edition Collaborative Mixtape
14%
2011 Streetz Calling Mixtape
13%
2020 Life Is Good Album
12%
2016 Project E.T. Collaborative Mixtape
12%
2011 True Story Mixtape
12%
2013 F.B.G.: The Movie Mixtape
11%
2011 FDU & Freebandz Mixtape
10%
2010 Kno Mercy Mixtape
10%
2013 Black Woodstock: The Soundtrack Mixtape
9%
2013 No Sleep Mixtape
7%
2011 FDU & Freebandz: Reloaded Mixtape
6%
No matching quizzes found
Score Distribution
Percent of People with Each Score
Percentile by Number Answered
Your Score History
You have not taken this quiz since the last reset